| 000 | 01069nam a2200205 a 4500 | ||
|---|---|---|---|
| 008 | 120416s1957 ||||||||||||||||| || u | ||
| 050 | _aQD 98.M5 Tho | ||
| 100 | _aThompson, E. T | ||
| 245 | 1 | 2 | _aA laboratory manual of semi-micro inorganic qualitative analysis |
| 260 |
_aLondon _bEdward Arnold _c1957 |
||
| 300 | _a48p. | ||
| 350 | _a0.00 | ||
| 650 | 0 | _aCHEMISTRY--HANDBOOKS, MANUALS, ETC | |
| 650 | 0 | _aCHEMISTRY, ORGANIC--LABORATORY MANUALS | |
| 650 | 0 | _aCHEMISTRY, ANALYTIC--LABORATORY MANUALS | |
| 650 | _aCHEMISTRY, ANALYTIC--QUANTITATIVE | ||
| 995 |
_aMAIN LIBRARY OPEN ACCESS _D0.00 _e714492 _FCBU-MAIN LIBRARY (Kitwe) _H1 _I1.00 _jQD 98.M5 Tho _M1 _UWEEDED _VJul 26, 2017 _y012242 _ZMain Library Open Access Collection |
||
| 995 |
_aMAIN LIBRARY OPEN ACCESS _D0.00 _e714490 _FCBU-MAIN LIBRARY (Kitwe) _H2 _I1.00 _jQD 98.M5 Tho _M2 _UWEEDED _VJul 26, 2017 _y012244 _ZMain Library Open Access Collection |
||
| 995 |
_aMAIN LIBRARY OPEN ACCESS _D0.00 _e714491 _FCBU-MAIN LIBRARY (Kitwe) _H3 _I1.00 _jQD 98.M5 Tho _M3 _UWEEDED _VJul 26, 2017 _y012243 _ZMain Library Open Access Collection |
||
| 999 |
_c80562 _d80562 |
||